Genocidio y migraciones recientes en Centroamérica
Estudia el problema de las migraciones en Centroamérica vinculaciones no solamente a las variables puramente económicas sino también a la lucha de clases y al poder político. Referente los problemas migratorios a dos tipos de movimientos, los de intelectuales, políticos, dirigentes sindicales que so...
Gardado en:
| Autor Principal: | |
|---|---|
| Formato: | Texto |
| Publicado: |
Heredia:
Universidad Nacional
|
| Materias: | |
| Etiquetas: |
Engadir etiqueta
Sen Etiquetas, Sexa o primeiro en etiquetar este rexistro!
|
MARC
| LEADER | 00000 a a2200000 04500 | ||
|---|---|---|---|
| 001 | 20316 | ||
| 003 | |||
| 040 | |a CRAI/IIS |c CRAI/IIS | ||
| 090 | |a 084400 | ||
| 100 | |a Ulloa Royo, Frank | ||
| 245 | |a Genocidio y migraciones recientes en Centroamérica | ||
| 260 | |a Heredia: |b Universidad Nacional | ||
| 300 | |a 14 p. | ||
| 520 | |a Estudia el problema de las migraciones en Centroamérica vinculaciones no solamente a las variables puramente económicas sino también a la lucha de clases y al poder político. Referente los problemas migratorios a dos tipos de movimientos, los de intelectuales, políticos, dirigentes sindicales que son perseguidos y los que obedecen a las características del desarrollo de la lucha de liberación nacional, siempre entro del marco de desarrollo capitalista. Se refiere a las migraciones entre países y entre regiones de un mismo país. Estudia el caso del asilo diplomático con relación al problema de los perseguidos políticos. Examina el proceso de modernización de los aparatos represivos./ACM | ||
| 650 | |a AMERICA CENTRAL | ||
| 650 | |a MIGRACIONES | ||
| 650 | |a GENOCIDIO | ||
| 650 | |a MOVIMIENTOS DE LIBERACION NACIONAL | ||
| 650 | |a LUCHA DE CLASES | ||
| 650 | |a PODER POLITICO | ||
| 999 | |c 16409 |d 16409 | ||
